000 00819nam a2200229Ii 4500
003 JO-AjNU
008 230605s9999||||xx |||||||||||||| ||und||
017 _a2004/11/3704
020 _a9957-05-119-9
040 _aJO-AjNU
_bara
_erda
_cJO-AjNU
041 _aara
050 1 4 _aDS47.7.H8784 2005
100 3 _aتاليف حسين، توفيق محمد علي الشيخ,
_eauthor
_920332
245 0 0 _aمحطات مضيئة في تاريخ العرب والمسلمين
250 _aط1
264 3 1 _aعمان: دار الضياء، 2005
300 _a132ص
336 _atext
_btxt
_2rdacontent
337 _aunmediated
_bn
_2rdamedia
338 _avolume
_bnc
_2rdacarrier
650 4 _aالتاريخ الاسلامي- تاريخ العراق- بلاد ال بين النهرين- تاريخ العرب
_920333
999 _aA6872
_c10440
_d10440